| 000 | 01228nab a2200229 i 4500 | ||
|---|---|---|---|
| 001 | 768714001 | ||
| 003 | CO-MdFUSB | ||
| 005 | 20240520105240.0 | ||
| 008 | 240520t1972 sp ||||| |||| 00| 0 spa d | ||
| 040 |
_bspa _cCO-MdFUSB _dCO-MdFUSB |
||
| 041 | _aspa | ||
| 100 |
_aBorcher, Bruno, _eautor |
||
| 245 | 3 |
_aEl "movimiento de Jesús" _c/ Bruno Borchert ; traducido por Gilberto Gutiérrez |
|
| 520 | _aUno de los acontecimientos más significativos de la cultura espiritual de los últimos años ha sido el "Movimiento de Jesús". Por tanto, se análiza ¿qué significa eso exactamente? Teniendo en cuenta, que el informe Time (21 de junio de 1971) fue decisivo para la aparición de este acontecimiento mundial, ya que desencadenó una verdadera avalancha de publicidad en torno a Jesús, principalmente en el mundo anglosajón. | ||
| 650 | 7 |
_aOración _986 |
|
| 650 | 7 |
_aCristología _9239 |
|
| 650 | 0 |
_aVida espiritual _951 |
|
| 700 |
_aGutiérrez, Gilberto, _etraductor |
||
| 773 | 0 |
_049450 _982647 _oR2569 _tRevista internacional de teología Concilium _w(CO-MdFUSB)8 _x0210-1041 _gNúmero 79, (noviembre, 1972), páginas: 410 - 414 _qpágina: 410 |
|
| 942 | _cANA | ||
| 945 | _aCatherine Arias Alvarez - Practicante SENA | ||
| 999 |
_c69789 _d69789 |
||